000 00613cas a22002295a 4500
001 ##L98910
008 070608c1919 xxkwr p 0 a0eng d
022 1 _a0003-8466
035 _a(Sirsi) u98910
041 0 _aeng
240 0 0 _aAJ
245 0 0 _aArchitect's Journal
260 _aLondon
_bEMAP Construct
_c1919-
362 0 _a135 (1) 3 January 1962-
510 2 _aKnowledge Alert
_c2006-
554 _aWeekly
651 4 _aUnited Kingdom
_y
690 _aBUILT ENVIRONMENT
856 4 1 _uhttps://www.ajplus.co.uk
_zView further information at www.ajplus.co.uk...
942 _n0
948 _c19/08/1994
999 _c118577
_d118577